Několik pohledů psychologii řídící práce a zkušenosti z řízení v zahraničním obchodě

Enregistré dans:
Détails bibliographiques
Auteur principal: Matoušek, Zdeněk
Autres auteurs: Vůjtěch, Jan
Format: Livre
Langue:tchèque
Publié: Praha Československá obchodní komora 1974
Tags: Ajouter un tag
Pas de tags, Soyez le premier à ajouter un tag!

MARC

LEADER 00000nam a2200000 4500
001 c128321
005 20041019155243.2
041 0 |a cze 
044 |a CZ 
245 1 0 |a Několik pohledů psychologii řídící práce a zkušenosti z řízení v zahraničním obchodě  |c Zdeněk Matoušek, Jan Vůjtěch 
264 1 |a Praha  |b Československá obchodní komora  |c 1974 
300 |a 88 s. 
100 1 |a Matoušek, Zdeněk 
700 1 |a Vůjtěch, Jan